00382nam a22001337a 450000500170000000800410001704100130005808200160007110000130008724500860010026000090018630000270019565000260022220231123115418.0231123b |||||||| |||| 00| 0 eng d aEnglish  a341.48 BRI  lEnglish  aBridges Accross Borders Network Meeting on Services : bProfiles of Associations  c2005 b70 pages ; c30,3 cm.  aLegal practice bLaw